=LDR 00000nam 2200000 4500 =001 INLIS000000000040797 =005 20130612150344 =008 ***********************************ind** =035 ##$$a0010-061300000040797 =041 ##$$a ind =082 ##$$a 378.15 =090 ##$$a 378.15, Sut, p =100 ##$$a Sutardi, Ahmad =245 ##$$a Pareto plus, mahaSISWA TIDAK MEMBLE SIAP AMBIL ALIH KEKUASAAN NASIONAL =260 ##$$a 2010 $b Jakarta =300 ##$$a xxx,220 hlm., 22 cm =650 ##$$a Mahasiswa =700 ##$$a Budiasih, Endang =850 ##$$a NBPNMAT =990 ##$$a 92202/BPAP-NTB/2014 =990 ##$$a 21400613/BPAP-NTB/20142014